01307nam a2200205 45000010005000000100018000050210013000231000041000362000042000772100055001192150015001743300750001896060031009396060014009706750019009846750033010037000018010368010018010548300029010726154 a9783896009760 b24/11976 a20260512d2012 u||y0pory50 ba aAtlas infantil: O MUNDOfMichael Hahn aColónia, AlemanhacSchwager & Steinleind[2012?] a43 p.cil. aUma viagem à volta do Mundo - quem é que ainda não sonhou com uma aventura destas? Este livro permite que o sonho se torne realidade para os leitores mais pequenos. Viajando por 15 mapas coloridos, poderão visitar os locais mais fascinantes do Mundo e aprender muito sobre cada continente. Cada mapa contém ilustrações pormenorizadas, apresentando às crianças os principais monumentos, os símbolos típicos das cidades ou paisagens, bem como as particularidades geográficas dos respetivos países e regiões. O livro inclui igualmente textos introdutórios com muitas informações fascinantes, para além de apresentar às crianças as bandeiras de cada país representado e diversas personalidades históricas. aPublicação para jovens aGeografia a087.5vBNzpor a912(084.4)(0.053.5)vBNzpor aHahnbMichael aPTbBMVNgRPC cInês Silvad12/05/2026